00491nam a22001337a 4500008004100000082001600041110003200057245009100089260004800180300000700228942001200235999001500247952009500262230621b xxu||||| |||| 00| 0 eng d a328.03bNAZ bNational Assembly of Zambia aParliamentary Procedure Abstract Series 5bOfficers of the Legislative Body Since 1948 bNational Assembly Research Departmentc1995 a4p 2ddccBK c2032d2032 00102ddc4070a002b002d2023-06-21l0o328.03 NAZp10014201r2023-06-21w2023-06-21yBK